00410cam a22001337a 4500008004000000020001500040082001300055100001700068245010900085260003200194300000900226650002200235700001900257180718b2002 xxu||||| |||| 00| 0 eng d a1885228473 aT33 H262 aHarvey, Eric aEthics 4 everyone: the handbook for integrity-based business practicescby Eric Harvey and Scott Airitam aDallasbWalk The Talkc2002 a45p. aBusiness --Ethics aAiritam, Scott